Datum a čas kvízu

43 Celkem bodů Celkový počet nahraných bodů na tomto kvízu bez doplňovacích otázek.
1. Pořadí na kvízu Konečné umístění týmu na tomto kvízu.

Zaznamenané odpovědi

# Otázka Odpověď Body Výsledky
1. Matematik a podnikatel Karel J... Tohle jsme my 1
2. Vedení jistého zhruba osmdesát... Turecko 1
3. Ve čtvrtek mělo v českých kine... Spencer 1
4. Společnost Microsoft v úterý k... Activision Blizzard 1
5. Biatlonistka Markéta Davidová... B) ve vytrvalostním závodě 1
6. V 17. a 18. století dominovala... merkantilismus 1
7. Za zakladatele klasické ekonom... Adam Smith 1
8. V roce 1873 došlo ke krachu bu... Vídeň 1
9. Po rozpadu zlatého standardu,... na americký dolar 0
10. Na závěr se podíváme do eurozó... B 1